Olympische Sportarten (Sommer) - Statistiken

Allgemein
  • Dieses Quiz wurde 87 mal gespielt
  • Das Durchschnittsergebnis liegt bei 18 aus 36
Antwortstatistiken
Antworten % Korrekt
Fußball
93%
Schwimmsport
89%
Leichtathletik
82%
Basketball
77%
Handball
75%
Tennis
73%
Volleyball und Beachvolleyball
73%
Reitsport
69%
Radsport
63%
Turnsport
63%
Tischtennis
61%
Rudern
59%
Bogenschießen
58%
Badminton
55%
Boxen
55%
Schießsport
55%
Fechten
54%
Kanusport
54%
Ringen
54%
Hockey
48%
Judo
46%
Segeln
46%
Sportklettern
44%
Baseball und Softball
39%
Gewichtheben
38%
Golf
38%
Triathlon
38%
Rugby
34%
Skateboard
32%
Surfen
32%
Moderner Fünfkampf
28%
Flag Football
27%
Taekwondo
24%
Cricket
15%
Lacrosse
8%
Squash
7%
Keine übereinstimmenden Quizze gefunden
Verteilung der Resultate
Anzahl Personen mit jedem Resultat
Perzentil nach korrekt beantworteten Fragen
Ihre Resultats-Entwicklung
Sie haben dieses Quiz noch nicht gespielt